• 首页
  • 本馆介绍
  • 公告通知
  • 最新文献
  • 馆藏检索
  • 电子资源
  • 读者导购
  • 参考咨询
  • 我的图书馆
  • 登录
  • 详细信息显示
  • 放入我的书架
  • 预约/预借图书
  • 作者相关作品
  • 分类相关作品
  • 丛书相关作品
  • 出版社相关作品

书目信息

  • 表格格式
  • 工作单格式
  • 卡片格式
题名:
马克思主义科学文化理论发展研究
    
 
作者: 马佰莲 著
分册:  
出版信息: 济南   山东人民出版社  2022.05
页数: 32, 287页
开本: 24cm
丛书名: 马克思主义文化理论发展研究丛书
单 册:
中图分类: A811.67 , G301
科图分类:
主题词: 马克思主义--ma ke si zhu yi--科学技术--文化理论--研究
电子资源:
ISBN: 978-7-209-13601-3
000 01222nam 2200289 450
001 CAL 004314947
005 20230217093111.0
010    @a978-7-209-13601-3@dCNY52.00
100    @a20220815d2022 em y0chiy0120 ea
101 0  @achi
102    @aCN@b370000
105    @aa a 000yy
106    @ar
200 1  @a马克思主义科学文化理论发展研究@Ama ke si zhu yi ke xue wen hua li lun fa zhan yan jiu@f马佰莲等著
210    @a济南@c山东人民出版社@d2022.05
215    @a32, 287页@c图@d24cm
225 2  @a马克思主义文化理论发展研究丛书@Ama ke si zhu yi wen hua li lun fa zhan yan jiu cong shu
300    @a教育部哲学社会科学研究重大课题攻关项目“马克思主义文化理论发展研究”标志性阶段成果
320    @a有书目
330    @a本书为《马克思主义文化理论发展研究丛书》之一种。书中主要研究马克思主义科学文化理论历史发展、科学体系和马克思主义在当代面临的现实问题, 特别探讨了新中国成立以来尤其是改革开放以来马克思主义科学文化理论取得的最新成果。
410  0 @12001 @a马克思主义文化理论发展研究丛书
606 0  @a马克思主义@Ama ke si zhu yi@x科学技术@x文化理论@x研究
690    @aA811.67@v5
690    @aG301@v5
701  0 @a马佰莲@Ama bai lian@4著
801  0 @aCN@bBJXHZP@c20230228
905    @b1387768-72@dA811.67@e462@f5
    
    马克思主义科学文化理论发展研究/马佰莲等著.-济南:山东人民出版社,2022.05
    32, 287页:图;24cm.-(马克思主义文化理论发展研究丛书)
    教育部哲学社会科学研究重大课题攻关项目“马克思主义文化理论发展研究”标志性阶段成果
    
    ISBN 978-7-209-13601-3:CNY52.00
    本书为《马克思主义文化理论发展研究丛书》之一种。书中主要研究马克思主义科学文化理论历史发展、科学体系和马克思主义在当代面临的现实问题, 特别探讨了新中国成立以来尤其是改革开放以来马克思主义科学文化理论取得的最新成果。
●
相关链接 在E读中查询图书 在五车中查询图书 在当当中查询图书 在豆瓣中查询图书


正题名:马克思主义科学文化理论发展研究     索取号:A811.67/462         预约/预借

序号 登录号 条形码 馆藏地/架位号 状态 备注
1 1387768   213877688   第一样本阅览室/ [索取号:A811.67/462] 在馆    
2 1387769   213877697   第一借阅区/ [索取号:A811.67/462] 在馆    
3 1387770   213877704   第一借阅区/ [索取号:A811.67/462] 在馆    
4 1387771   213877713   第一借阅区/ [索取号:A811.67/462] 在馆    
5 1387772   213877722   第一借阅区/ [索取号:A811.67/462] 在馆    
唐山师范学院图书馆 欢迎您!
大连网信软件有限公司© 版权所有